[Event "Agios Ioannis Pelion op 1st"]
[Site "Agios Ioannis"]
[Date "2018.06.16"]
[Round "1"]
[White "Mastrovasilis, Athanasios"]
[Black "Georgiopoulos, Haralambos"]
[Result "1-0"]
[WhiteElo "2501"]
[BlackElo "1597"]
[PlyCount "73"]
[EventDate "2018.06.16"]
[EventType "swiss"]
[EventRounds "9"]
[EventCountry "GRE"]
[SourceTitle "CBM 185 Extra"]
[Source "ChessBase"]
[SourceDate "2018.07.29"]
[SourceVersion "1"]
[SourceVersionDate "2018.07.29"]
[SourceQuality "1"]

1. d4 Nf6 2. Nf3 e6 3. g3 c5 4. Bg2 Nc6 5. 0-0 d5 6. b3 cxd4 7. Nxd4 Qb6 8. Bb2 Bc5 9. Nxc6 bxc6 10. Nc3 Be7 11. Na4 Qa5 12. c4 Ba6 13. Rc1 0-0 14. Bc3 Qd8 15. Qc2 Rc8 16. Rfd1 Ba3 17. Bb2 Qe7 18. Qc3 Bxb2 19. Nxb2 Qa3 20. Nd3 dxc4 21. bxc4 Qxc3 22. Rxc3 Rfd8 23. Rdc1 c5 24. Ra3 Rd6 25. Ne5 Rc7 26. Rb1 g6 27. f4 h5 28. Ra5 Ng4 29. Bf3 Ne3 30. Rc1 Kg7 31. Rc3 f6 32. Nc6 Rd1+ 33. Kf2 Ng4+ 34. Bxg4 Rxc6 35. Bf3 Rb6 36. Rxc5 Bb7 37. Rc7+ 1-0

[Event "Anogia op 6th"]
[Site "Anogia"]
[Date "2017.07.11"]
[Round "3"]
[White "Gantis, Konstantinos"]
[Black "Georgiopoulos, Haralambos"]
[Result "1-0"]
[WhiteElo "2013"]
[BlackElo "1604"]
[PlyCount "85"]
[EventDate "2017.07.10"]
[EventType "swiss"]
[EventRounds "9"]
[EventCountry "GRE"]
[SourceTitle "CBM 179 Extra"]
[Source "ChessBase"]
[SourceDate "2017.08.23"]
[SourceVersion "1"]
[SourceVersionDate "2017.08.23"]
[SourceQuality "1"]

1. c4 Nf6 2. g3 e6 3. Bg2 Nc6 4. Nf3 Bb4 5. 0-0 0-0 6. a3 Be7 7. d4 d5 8. Nbd2 Bd7 9. Qc2 Rc8 10. b4 a5 11. b5 Na7 12. a4 c5 13. bxc6 Nxc6 14. Qb3 Nb4 15. Ne5 b6 16. Bb2 Bc6 17. Nxc6 Rxc6 18. Rac1 Qd7 19. e4 dxe4 20. Nxe4 Rcc8 21. d5 Nxe4 22. Bxe4 exd5 23. cxd5 Rxc1 24. Rxc1 Rc8 25. Rd1 Bd6 26. Qf3 Rc4 27. Re1 Rc7 28. Bb1 Bf8 29. Qe4 Qh3 30. Qe5 Re7 31. Qxe7 Bxe7 32. Rxe7 Kf8 33. d6 Qg4 34. Re1 h5 35. h4 Qd7 36. Be5 Qe6 37. Bxg7+ Kxg7 38. Rxe6 fxe6 39. Be4 Kf7 40. g4 hxg4 41. h5 Na6 42. Bg6+ Kf6 43. d7 1-0

[Event "Athens Smaok-ch"]
[Site "Greece"]
[Date "2012.10.14"]
[Round "5.7"]
[White "Karagiannis, Dimitrios"]
[Black "Georgiopoulos, Haralambos"]
[Result "1-0"]
[WhiteElo "1860"]
[BlackElo "1725"]
[PlyCount "65"]
[EventDate "2012.09.16"]
[EventType "swiss"]
[EventRounds "7"]
[EventCountry "GRE"]
[SourceTitle "EXT 2024"]
[Source "ChessBase"]
[SourceDate "2023.10.10"]
[SourceVersion "1"]
[SourceVersionDate "2023.10.10"]
[SourceQuality "1"]

1. d4 Nf6 2. c4 d5 3. cxd5 Nxd5 4. e4 Nf6 5. Nc3 Bg4 6. f3 Bh5 7. Be3 e6 8. Qb3 b6 9. Bg5 Qxd4 10. Bxf6 gxf6 11. Qb5+ c6 12. Qxh5 Qe3+ 13. Nge2 Na6 14. a3 Nc5 15. Rd1 Rd8 16. Rxd8+ Kxd8 17. Rg1 Nd3+ 18. Kd1 Nxb2+ 19. Kc2 Bxa3 20. Qxf7 Rf8 21. Qxe6 Nd3 22. Qc4 Nb4+ 23. Kb3 Nc2 24. Kxc2 Bc5 25. Qd3+ Kc7 26. Qxe3 Bxe3 27. Rh1 Rc8 28. Nb1 a5 29. Nec3 b5 30. Be2 a4 31. Rd1 Ra8 32. Bxb5 cxb5 33. Nd5+ 1-0

[Event "Athens Smaok-ch"]
[Site "Greece"]
[Date "2012.09.23"]
[Round "2.4"]
[White "Georgiopoulos, Haralambos"]
[Black "Efentakis, Nikolaos"]
[Result "0-1"]
[WhiteElo "1725"]
[BlackElo "1994"]
[PlyCount "134"]
[EventDate "2012.09.16"]
[EventType "swiss"]
[EventRounds "7"]
[EventCountry "GRE"]
[SourceTitle "EXT 2024"]
[Source "ChessBase"]
[SourceDate "2023.10.10"]
[SourceVersion "1"]
[SourceVersionDate "2023.10.10"]
[SourceQuality "1"]

1. e4 c6 2. Nc3 d5 3. exd5 cxd5 4. d4 Nf6 5. Nf3 Bg4 6. h3 Bxf3 7. Qxf3 Nc6 8. Bb5 e6 9. 0-0 Be7 10. a3 0-0 11. Rd1 Qb6 12. Qd3 a6 13. Bxc6 bxc6 14. Na4 Qa5 15. b3 Rfc8 16. Bb2 Ne4 17. f3 Nf6 18. Bc3 Qc7 19. b4 Nh5 20. Be1 Rd8 21. Bf2 a5 22. Nc5 Ra7 23. Rab1 axb4 24. Rxb4 Rda8 25. Rb3 Bxc5 26. dxc5 Ra4 27. Rdb1 Nf4 28. Qd2 g5 29. g3 Ng6 30. Qxg5 Rxa3 31. h4 Qe5 32. Rxa3 Rxa3 33. Qxe5 Nxe5 34. Rb8+ Kg7 35. Bd4 f6 36. Rb7+ Kg6 37. Bxe5 fxe5 38. Rb3 Ra5 39. Rc3 Kf5 40. Kf2 Ra4 41. g4+ Kf4 42. Rb3 Rc4 43. c3 Rxc5 44. Rb7 e4 45. Rf7+ Ke5 46. Rxh7 exf3 47. Rf7 Rxc3 48. h5 Rc2+ 49. Kxf3 Rh2 50. Rc7 Kd6 51. Rh7 c5 52. g5 e5 53. Kg3 Rh1 54. Kg2 Rh4 55. Kg3 Rh1 56. Kg4 e4 57. Kf5 Rf1+ 58. Kg6 e3 59. Rh8 e2 60. Re8 e1Q 61. Rxe1 Rxe1 62. h6 d4 63. h7 Rh1 64. Kg7 d3 65. h8Q Rxh8 66. Kxh8 d2 67. g6 d1Q 0-1

[Event "Athens Smaok 1900+ op 6th"]
[Site "Athens"]
[Date "2010.05.25"]
[Round "3.12"]
[White "Georgiopoulos, Haralambos"]
[Black "Panagiotopoulos, Vasilios"]
[Result "0-1"]
[WhiteElo "1880"]
[BlackElo "1982"]
[PlyCount "65"]
[EventDate "2010.05.11"]
[EventType "swiss"]
[EventRounds "7"]
[EventCountry "GRE"]
[SourceTitle "EXT 2024"]
[Source "ChessBase"]
[SourceDate "2023.10.10"]
[SourceVersion "1"]
[SourceVersionDate "2023.10.10"]
[SourceQuality "1"]

1. e4 c5 2. Nf3 d6 3. Bc4 e6 4. 0-0 Nf6 5. Nc3 Nc6 6. d4 cxd4 7. Nxd4 a6 8. Be3 Be7 9. Qe2 Bd7 10. f4 Nxd4 11. Bxd4 Bc6 12. a4 0-0 13. Bd3 Re8 14. a5 e5 15. Bb6 Qd7 16. Nd5 Bxd5 17. exd5 Bd8 18. c4 Bxb6+ 19. axb6 Qd8 20. h3 Qxb6+ 21. Kh2 exf4 22. Qc2 Qe3 23. Rf3 Qe5 24. Raf1 h6 25. R1f2 g5 26. Re2 Qd4 27. Rd2 Qc5 28. Bf5 Re1 29. Rdf2 Rae8 30. b4 Qd4 31. Rd3 Qa1 32. Bh7+ Kg7 33. Rxf4 0-1

[Event "Athens Smaok op 5th"]
[Site "Athens"]
[Date "2010.04.20"]
[Round "5.18"]
[White "Soursos, Panayotis"]
[Black "Georgiopoulos, Haralambos"]
[Result "1-0"]
[WhiteElo "1730"]
[BlackElo "1872"]
[PlyCount "119"]
[EventDate "2010.03.16"]
[EventType "swiss"]
[EventRounds "7"]
[EventCountry "GRE"]
[SourceTitle "EXT 2024"]
[Source "ChessBase"]
[SourceDate "2023.10.10"]
[SourceVersion "1"]
[SourceVersionDate "2023.10.10"]
[SourceQuality "1"]

1. d4 d5 2. Nf3 f5 3. e3 Nf6 4. c4 Nc6 5. Nc3 e6 6. a3 a5 7. cxd5 exd5 8. Qc2 Bd6 9. Nb5 0-0 10. Nxd6 Qxd6 11. Bb5 Ne7 12. Ne5 g5 13. f4 Ne4 14. 0-0 g4 15. Bd2 Be6 16. b4 Rf6 17. bxa5 Nxd2 18. Qxd2 c5 19. dxc5 Qxc5 20. a4 Qa7 21. Rfc1 d4 22. exd4 Nd5 23. Rc5 Rd8 24. Qf2 Rh6 25. Bf1 Nf6 26. Rb5 Ne4 27. Qb2 Bd5 28. Rb6 Rh4 29. Bc4 Bxc4 30. Nxc4 g3 31. hxg3 Nxg3 32. Ra3 Rh1+ 33. Kf2 Ne4+ 34. Ke2 Re8 35. Ne5 Re7 36. Qb4 Rc7 37. Nc4 Rc1 38. Nd2 Nc3+ 39. Kf3 Nd5 40. Qb5 Nxb6 41. axb6 R7c3+ 42. Rxc3 Rxc3+ 43. Kf2 Rc6 44. a5 Qb8 45. Qxf5 Qd8 46. Nf3 Rf6 47. Qg5+ Kh8 48. Qe5 h6 49. d5 Kg8 50. Ke3 Qf8 51. Qd4 Qa3+ 52. Ke4 Rf8 53. d6 Re8+ 54. Ne5 Qxa5 55. Qd5+ Qxd5+ 56. Kxd5 Kg7 57. d7 Rf8 58. g3 h5 59. Kd6 Kf6 60. Kc7 1-0

[Event "Athens Smaok op 4th"]
[Site "Athens"]
[Date "2010.02.09"]
[Round "5"]
[White "Sigouros, Ioannis"]
[Black "Georgiopoulos, Haralambos"]
[Result "1/2-1/2"]
[WhiteElo "2001"]
[BlackElo "1872"]
[PlyCount "58"]
[EventDate "2010.01.12"]
[EventType "swiss"]
[EventRounds "7"]
[EventCountry "GRE"]
[SourceTitle "EXT 2011"]
[Source "ChessBase"]
[SourceDate "2010.11.26"]
[SourceVersion "1"]
[SourceVersionDate "2010.11.26"]
[SourceQuality "1"]

1. e4 d5 2. exd5 Qxd5 3. Nc3 Qd6 4. d4 Nf6 5. Nf3 Bg4 6. h3 Bh5 7. g4 Bg6 8. Ne5 Nbd7 9. Nxg6 hxg6 10. Bg2 0-0-0 11. Qf3 Qa6 12. g5 Nh5 13. Qxf7 e5 14. Be3 Bb4 15. Qb3 exd4 16. Qxb4 dxe3 17. fxe3 Ne5 18. Rd1 Rde8 19. Ne4 Nc6 20. Qb3 Rxe4 21. Bxe4 Ng3 22. Qe6+ Kb8 23. Kf2 Qe2+ 24. Kxg3 Qxe3+ 25. Kg2 Qe2+ 26. Kg3 Qe3+ 27. Kh2 Qe2+ 28. Kg3 Qe3+ 29. Kg4 Qe2+ 1/2-1/2

[Event "Athens Smaok Winter"]
[Site "Athens"]
[Date "2008.11.21"]
[Round "1.9"]
[White "Prinos, Vasilios"]
[Black "Georgiopoulos, Haralambos"]
[Result "0-1"]
[WhiteElo "1450"]
[BlackElo "1912"]
[PlyCount "32"]
[EventDate "2008.11.21"]
[EventType "swiss (rapid)"]
[EventRounds "7"]
[EventCountry "GRE"]
[SourceTitle "EXT 2024"]
[Source "ChessBase"]
[SourceDate "2023.10.10"]
[SourceVersion "1"]
[SourceVersionDate "2023.10.10"]
[SourceQuality "1"]

1. e4 d5 2. exd5 Qxd5 3. Nc3 Qd6 4. Nf3 Bg4 5. Be2 Nf6 6. d4 e6 7. 0-0 a6 8. Ne5 h5 9. Nxg4 hxg4 10. g3 Nc6 11. Bf4 Qd7 12. a3 0-0-0 13. Be3 Bd6 14. d5 Ne5 15. dxe6 Qxe6 16. Bd4 Bc5 0-1

[Event "Ambelokipi op 81st"]
[Site "Athens"]
[Date "2007.10.10"]
[Round "2"]
[White "Georgiopoulos, Haralambos"]
[Black "Moscholios, Ioannis"]
[Result "1/2-1/2"]
[WhiteElo "1913"]
[BlackElo "2167"]
[PlyCount "130"]
[EventDate "2007.10.06"]
[EventType "swiss"]
[EventRounds "6"]
[EventCountry "GRE"]
[SourceTitle "EXT 2008"]
[Source "ChessBase"]
[SourceDate "2007.11.25"]
[SourceVersion "1"]
[SourceVersionDate "2007.11.25"]
[SourceQuality "1"]

1. e4 c5 2. Nf3 a6 3. a4 d5 4. exd5 Qxd5 5. d4 Bg4 6. dxc5 Qxd1+ 7. Kxd1 Nc6 8. Ra3 e5 9. h3 Bh5 10. g4 Bg6 11. Be3 0-0-0+ 12. Kc1 Be4 13. Bg2 Nb4 14. Nc3 Bc6 15. Rg1 f6 16. Nd2 Bxg2 17. Rxg2 Ne7 18. Nc4 Nec6 19. Ne4 Kb8 20. Ned6 Bxd6 21. Nxd6 Rd7 22. f4 h5 23. g5 Nd5 24. fxe5 fxe5 25. Rf2 b6 26. Nc4 Nxe3 27. Rxe3 Rhd8 28. c3 Rd1+ 29. Kc2 bxc5 30. Nxe5 Nxe5 31. Rxe5 Rh1 32. Rxc5 Rxh3 33. Rf7 Rh2+ 34. Kb3 Rdd2 35. Re5 Rxb2+ 36. Kc4 Rbe2 37. Rxe2 Rxe2 38. Kc5 Re5+ 39. Kb6 Re6+ 40. Kc5 Rg6 41. Rf5 h4 42. Kd4 h3 43. Rf8+ Kb7 44. Rh8 Rxg5 45. Rxh3 Rg4+ 46. Kd3 Kb6 47. Kc2 Ka5 48. Kb3 g5 49. Rf3 Rf4 50. Re3 Rf5 51. Rg3 Kb6 52. Kc4 Rf4+ 53. Kb3 g4 54. Re3 Rf5 55. Re6+ Ka5 56. Rg6 Rf4 57. Rg5+ Kb6 58. a5+ Kb7 59. c4 Rf3+ 60. Kb4 g3 61. Kc5 Ra3 62. Rg7+ Kb8 63. Kb6 Rb3+ 64. Kxa6 Rc3 65. Kb6 Rxc4 1/2-1/2

[Event "Ambelokipi op 78th"]
[Site "Athens"]
[Date "2007.06.02"]
[Round "7"]
[White "Georgiopoulos, Haralambos"]
[Black "Mitsakos, Achilles"]
[Result "1-0"]
[WhiteElo "1938"]
[BlackElo "1873"]
[PlyCount "89"]
[EventDate "2007.05.12"]
[EventType "swiss"]
[EventRounds "7"]
[EventCountry "GRE"]
[SourceTitle "EXT 2008"]
[Source "ChessBase"]
[SourceDate "2007.11.25"]
[SourceVersion "1"]
[SourceVersionDate "2007.11.25"]
[SourceQuality "1"]

1. e4 e5 2. Nf3 Nc6 3. d4 exd4 4. Nxd4 Qh4 5. Nb5 Qxe4+ 6. Be2 Kd8 7. 0-0 a6 8. Bf3 Qc4 9. N1a3 Bxa3 10. Nxa3 Qd4 11. Qe2 Nf6 12. c3 Qe5 13. Be3 Qe6 14. Nc4 Ne5 15. Nxe5 Qxe5 16. Qc4 Qe6 17. Qh4 d6 18. Rad1 h6 19. Bg5 Qf5 20. Rd5 Qe6 21. Rd2 Qf5 22. Rd5 Qe6 23. Rfd1 Bd7 24. R5d2 Kc8 25. h3 Qf5 26. Be3 g5 27. Qb4 Bc6 28. Bxc6 bxc6 29. Qc4 Qd7 30. Bd4 Rg8 31. Bxf6 g4 32. h4 g3 33. fxg3 Rxg3 34. Be5 Rg4 35. Qf1 Kb7 36. Rd4 Rg6 37. Rb4+ Kc8 38. Rf4 Qh3 39. Rxf7 Qe3+ 40. Kh1 Qxe5 41. Re1 Qb5 42. Rxc7+ Kxc7 43. Qf7+ Kb6 44. Qxg6 Qxb2 45. Rb1 1-0

[Event "Ambelokipi op 78th"]
[Site "Athens"]
[Date "2007.05.19"]
[Round "3"]
[White "Georgiopoulos, Haralambos"]
[Black "Vlahos, Athanasios"]
[Result "1/2-1/2"]
[WhiteElo "1938"]
[BlackElo "1972"]
[PlyCount "88"]
[EventDate "2007.05.12"]
[EventType "swiss"]
[EventRounds "7"]
[EventCountry "GRE"]
[SourceTitle "EXT 2008"]
[Source "ChessBase"]
[SourceDate "2007.11.25"]
[SourceVersion "1"]
[SourceVersionDate "2007.11.25"]
[SourceQuality "1"]

1. e4 g6 2. d4 Bg7 3. Nf3 c6 4. Nc3 d5 5. e5 Nh6 6. Bg5 f6 7. exf6 exf6 8. Bf4 0-0 9. Qd2 Re8+ 10. Be2 Nf7 11. h4 Bg4 12. 0-0-0 b5 13. Nh2 Bxe2 14. Nxe2 Nd7 15. g4 Nf8 16. Ng3 Ne6 17. Be3 Nd6 18. b3 a5 19. h5 g5 20. Nf5 a4 21. Nxd6 Qxd6 22. b4 a3 23. Nf1 Bf8 24. c3 Ra7 25. Ng3 Rf7 26. h6 Nd8 27. f4 Rxe3 28. Nf5 Rxc3+ 29. Qxc3 Qxf4+ 30. Kc2 Qxg4 31. Rhf1 Ne6 32. Kb3 Nf4 33. Ne3 Qc8 34. Kxa3 Ra7+ 35. Kb2 Ne2 36. Qd2 Qa6 37. a4 bxa4 38. Ka3 Rb7 39. Rb1 Nf4 40. Rh1 Nd3 41. Nc2 Nf4 42. Ne3 Nd3 43. Nc2 Nf4 44. Ne3 Nd3 1/2-1/2

[Event "Ambelokipi op 76th"]
[Site "Athens"]
[Date "2007.03.14"]
[Round "2"]
[White "Delithanasis, Dimitrios"]
[Black "Georgiopoulos, Haralambos"]
[Result "1-0"]
[WhiteElo "2239"]
[BlackElo "1938"]
[PlyCount "75"]
[EventDate "2007.03.13"]
[EventType "swiss"]
[EventRounds "7"]
[EventCountry "GRE"]
[SourceTitle "EXT 2008"]
[Source "ChessBase"]
[SourceDate "2007.11.25"]
[SourceVersion "1"]
[SourceVersionDate "2007.11.25"]
[SourceQuality "1"]

1. d4 e6 2. c4 f5 3. Nc3 Nf6 4. e3 d5 5. Bd3 Bd6 6. Nge2 0-0 7. Qc2 Nc6 8. a3 a6 9. cxd5 Nxd5 10. Nxd5 exd5 11. Bd2 Ne7 12. g4 Ng6 13. gxf5 Nh4 14. Ng3 Nf3+ 15. Ke2 Nxd2 16. Kxd2 b5 17. Rhg1 Kh8 18. Rg2 c5 19. dxc5 Be5 20. f4 Bf6 21. Nh5 d4 22. e4 Bb7 23. Rag1 Rf7 24. Nxf6 Qxf6 25. Rg5 h6 26. e5 Qc6 27. R5g3 Rg8 28. Kc1 Rc7 29. b4 a5 30. f6 axb4 31. axb4 Qa6 32. Qb2 Bd5 33. Bb1 gxf6 34. Qxd4 Rxg3 35. Rxg3 Qe6 36. exf6 Rf7 37. Re3 Qc6 38. Qxd5 1-0

[Event "Athens Smaok op 1th"]
[Site "Athens"]
[Date "2006.12.01"]
[Round "4"]
[White "Nikolaidou, Eleni"]
[Black "Georgiopoulos, Haralambos"]
[Result "0-1"]
[WhiteElo "1892"]
[BlackElo "1956"]
[PlyCount "132"]
[EventDate "2006.11.10"]
[EventType "swiss"]
[EventRounds "6"]
[EventCountry "GRE"]
[SourceTitle "EXT 2024"]
[Source "ChessBase"]
[SourceDate "2023.10.10"]
[SourceVersion "1"]
[SourceVersionDate "2023.10.10"]
[SourceQuality "1"]

1. e4 d5 2. exd5 Qxd5 3. Nc3 Qd6 4. Nf3 Nf6 5. Be2 Bg4 6. d3 Nc6 7. Bg5 a6 8. Qd2 0-0-0 9. 0-0-0 h6 10. Bf4 Qb4 11. Rde1 e6 12. h3 Bxf3 13. Bxf3 Nd4 14. Bd1 g5 15. Be5 Bg7 16. f4 Nc6 17. Rhf1 Nxe5 18. fxe5 Nd7 19. Rxf7 Bxe5 20. Kb1 Nb6 21. a3 Qa5 22. Ne4 Qb5 23. Qb4 Qc6 24. Bf3 Nd5 25. Qb3 Bd4 26. Nc3 Bxc3 27. bxc3 Qxc3 28. Qxc3 Nxc3+ 29. Kc1 Rd6 30. Bg4 Kb8 31. Rxe6 Rxe6 32. Bxe6 Ne2+ 33. Kd2 Nf4 34. Bg4 Nxg2 35. Rf6 h5 36. Bf5 Rg8 37. Be6 Rg7 38. Rh6 Nf4 39. Bf5 Rf7 40. Be4 h4 41. Rh8+ Ka7 42. Rg8 Nxh3 43. Ke3 Kb6 44. Rb8 c6 45. Rg8 a5 46. c3 Rf4 47. Bg2 Rg4 48. Bxh3 Rg3+ 49. Kd4 Rxh3 50. Rxg5 Rg3 51. Rh5 Rg4+ 52. Ke3 Rg3+ 53. Ke2 h3 54. Kd2 Rg2+ 55. Ke3 h2 56. Kf3 Rc2 57. c4 a4 58. c5+ Kb5 59. d4 Kc4 60. Rh4 Ra2 61. Ke4 Rg2 62. Kf3 Ra2 63. Ke4 Rd2 64. Ke3 Rd3+ 65. Kf2 Rxd4 66. Rh3 Kxc5 0-1